Normal view
MARC view
- He, Zhengyou.
Entry Personal Name
001 - CONTROL NUMBER
- control field: 53935
003 - CONTROL NUMBER IDENTIFIER
- control field: OSt
005 - DATE AND TIME OF LATEST TRANSACTION
- control field: 20240301142956.0
008 - FIXED-LENGTH DATA ELEMENTS
- fixed length control field: 240301|| aca||aabn | a|a d
040 ## - CATALOGING SOURCE
- Original cataloging agency: OSt
- Transcribing agency: OSt
100 ## - HEADING--PERSONAL NAME
- Personal name: He, Zhengyou.
- Relator term: author.
670 ## - SOURCE DATA FOUND
- Source citation: Work cat.: (OSt): Liu, Shunpan. author. 53929, Efficiency improvement of dual-receiver WPT systems based on partial power processing control /, June 2022.
